000 01061nam a2200313 i 4500
001 13613
003 KOSZ 005
005 20200825115358.0
008 070608s1971 pl a f 000 0 pol
015 _aPB 1971/3370
035 _a(OCoLC)749298252
040 _aWA N
_cWA N
_dKOSZ 005/KK
080 _a331.04:37.03
100 1 _aJędrzycki, Wiesław
_d(1929-2000).
_eAutor.
245 1 0 _aWychowanie w zakładzie pracy /
_cWiesław Jędrzycki.
260 _aWarszawa :
_bWydawnictwo Związkowe CRZZ,
_c1971.
300 _a186, [2] stron :
_c18 cm.
336 _2rdacontent
_aTekst
_btxt
337 _2rdamedia
_aBez urządzenia pośredniczącego
_bn
338 _2rdacarrier
_aWolumin
_bnc
380 _aKsiążki.
658 _aEdukacja i pedagogika
650 4 _aPraca
650 4 _aPrzedsiębiorstwo
650 4 _aPedagogika pracy
710 _aWydawnictwo Związkowe CRZZ
_4pbl.
856 _uhttp://koha.tu.koszalin.pl/cgi-bin/koha/opac-detail.pl?biblionumber=13613
_yKatalog online BPK
942 _2UKD
_cKS
999 _c13613
_d13613